Filmographie David Fincher - Statistiques

Statistiques générales
  • Ce quiz a été pris 60 fois
  • Le résultat moyen est 7 sur 12
Statistiques - réponses
Date Résumé Film % Correct
1999 L'histoire de la création d'un club de combat clandestin Fight Club
96%
1995 Un tueur en série punit selon les 7 pêchés capitaux Seven
96%
2008 L'histoire d'un homme qui vieillit...à l'envers ! L'Etrange histoire de Benjamin Button
84%
2007 Une enquête obsessionnelle sur un tueur en série non identifié Zodiac
80%
2010 Création conflictuelle d'un réseau social bien connu The Social Network
78%
2014 Une histoire de manipulation médiatique après la disparition d'une femme Gone Girl
69%
1997 Un homme riche est piégé dans un jeu psycologique dangereux The Game
69%
1992 En 2179, Ripley affronte un facehugger dans une prison spatiale Alien 3
59%
2002 Une mère et sa fille sont traquées dans leur propre maison Panic Room
45%
2023 Une plongée dans l'esprit d'un professionnel de la violence The Killer
33%
2020 L'histoire de l'écriture du classique "Citizen Kane" Mank
20%
2011 Une enquête sombre sur des meurtres familiaux Millénium : Les Hommes qui n'aimaient pas les Femmes
18%
Aucun quiz correspondant
Distribution des résultats
% des personnes avec chaque résultat
Percentile par nombre de réponses
Votre historique - résultats
Vous n’avez pas pris ce quiz